Qui chante ? - 4 - Statistiques

Statistiques générales
  • Ce quiz a été pris 166 fois
  • Le résultat moyen est 12 sur 20
Statistiques - réponses
Hint Réponse % Correct
Highway to hell AC/DC
87%
La Tribu de Dana Manau
87%
Je veux Zaz
87%
Believer Imagine Dragons
69%
Popcorn salé Santa
67%
New York New York Frank Sinatra
65%
Counting stars OneRepublic
62%
Du hast Rammstein
61%
Les Valses de Vienne François Feldman
60%
Stairway to heaven Led Zeppelin
60%
Chacun fait c'qui lui plait Chagrin d'Amour
58%
Tombé du Ciel Jacques Higelin
56%
Le Petit Bal perdu Bourvil
55%
Beautiful things Benson Boone
53%
Etienne Guesch Patti
53%
Le Jardin Extraordinaire Charles Trenet
50%
Personal Jesus Depeche Mode
47%
Karma chameleon Culture Club
39%
Assis par terre Louisy Joseph
38%
I heard it trough the grapevine Marvin Gaye
36%
Aucun quiz correspondant
Distribution des résultats
% des personnes avec chaque résultat
Percentile par nombre de réponses
Votre historique - résultats
Vous n’avez pas pris ce quiz